La influencia de Marx y el marxismo en los estudios sobre la antigüedad.
Guardat en:
| Altres autors: | , , , , , , , , , , , |
|---|---|
| Format: | Desconegut |
| Publicat: |
Barcelona, España; Buenos Aires, Argentina:
Miño y Dávila editores,
2021.
|
| Edició: | Primera edición |
| Col·lecció: | Estudios del Mediterráneo Antiguo. Pefscea
|
| Matèries: | |
| Etiquetes: |
Afegir etiqueta
Sense etiquetes, Sigues el primer a etiquetar aquest registre!
|
MARC
| LEADER | 00000 a2200000 4500 | ||
|---|---|---|---|
| 003 | CL-VaPUC | ||
| 005 | 20241212091200.0 | ||
| 008 | 221019t2021 ||||| |||| 00| 0 eng d | ||
| 999 | |c 438731 |d 438729 | ||
| 020 | |a 978-84-18095-70-2 | ||
| 040 | |c Pontificia Universidad Católica de Valparaíso | ||
| 082 | 7 | |a 907.2 NUÑ 2021 |2 22 | |
| 100 | |a Núñez López, Christian |9 876693 |e editor | ||
| 245 | |a La influencia de Marx y el marxismo en los estudios sobre la antigüedad. | ||
| 250 | |a Primera edición | ||
| 260 | |a Barcelona, España; |a Buenos Aires, Argentina: |b Miño y Dávila editores, |c 2021. | ||
| 300 | |a 183 páginas. | ||
| 490 | |a Estudios del Mediterráneo Antiguo. |a Pefscea |n 21. | ||
| 583 | |k GC |c 20221019 | ||
| 600 | 0 | |a Marx, Karl Heinrich, |d 1818-1883 |9 861123 | |
| 650 | |a Historia antigua |x Historiografía |9 878105 | ||
| 700 | |a Sierra Martín, César |e editor |9 877762 | ||
| 700 | |a Canfora, Luciano |e autor |9 877763 | ||
| 700 | |a Cortadella, Jordi |e autor |9 877764 | ||
| 700 | |a Martínez Lacy, Ricardo |e autor |9 877765 | ||
| 700 | |a Sierra Martín, César |e autor |9 877762 | ||
| 700 | |a Paiaro, Diego |e autor |9 877766 | ||
| 700 | |a Requena, Mariano J. |e autor |9 877767 | ||
| 700 | |a Arrayás Morales, Isaías |e autor |9 877768 | ||
| 700 | |a Núñez López, Christian |e autor |9 877769 | ||
| 700 | |a Antela-Bernárdez, Borja |e autor |9 877770 | ||
| 700 | |a Plácido, Domingo |e autor |9 877771 | ||
| 700 | |a Duplá-Ansuategui, Antonio |e autor |9 877772 | ||
| 700 | |a Prieto Arciniega, Alberto |e autor |9 877773 | ||
| 942 | |2 ddc |c BK | ||
| 952 | |0 0 |1 0 |2 ddc |4 0 |6 907_200000000000000_NUÑ_2021 |7 0 |8 A |9 587283 |a BIBHIS |b BIBHIS |c GEN |d 2022-10-14 |e 3 |g 17158.00 |i 5655216 |l 1 |o 907.2 NUÑ 2021 |p 5655216 |r 2025-01-20 |s 2024-04-03 |t 1 |v 17158.00 |w 2022-10-14 |y BK |k HIS | ||